| 000 | 00688nam a2200217Ia 4500 | ||
|---|---|---|---|
| 003 | GCL | ||
| 008 | 140319s9999 xx 000 0 ara d | ||
| 040 |
_aGCL / _cGCL |
||
| 082 | 0 | 4 |
_a614.5999 _bى ا |
| 100 | 1 | _aيوسف جورجى جبرائيل | |
| 245 | 1 | 0 |
_aاضواء على السرطان / _cيوسف جورجى جبرائيل |
| 260 |
_a[S.N] : _bالهيئة المصرية العامة للكتاب ، _c1983 |
||
| 490 |
_aالعلم للجميع _v0 |
||
| 650 | 0 | 4 | _aامراض |
| 650 | 0 | 4 | _aالسرطان |
| 650 | 0 | 4 | _aتشخيص |
| 650 | 0 | 4 | _aالاورام |
| 650 | 0 | 4 | _aالعلاج بالاشعة |
| 650 | 0 | 4 | _aالعلاج الكيميائى |
| 942 |
_2ddc _cBK |
||
| 999 |
_c58949 _d58949 |
||